[Event "DVM U14w 2017"]
[Site "Neumünster GER"]
[Date "2017.12.28"]
[Round "4"]
[White "Schulz, Hannah"]
[Black "Berghold, Lotta"]
[Result "1-0"]
[Termination "normal"]
[Board "5.2"]
[WhiteElo "1478"]
[BlackElo "1369"]
[WhiteTeam "Karlsruher SF"]
[BlackTeam "SC Borussia 1920 Friedrichsfelde"]
[PlyCount "111"]
[WhiteFideId "16244745"]
[BlackFideId "16243463"]
[EventCountry "GER"]
[EventRounds "7"]
[EventType "team-swiss"]
[EventDate "2017.12.26"]

1. e4 b6 2. d4 Bb7 3. Nc3 e6 4. Nf3 Nf6 5. Bd3 Bb4 6. Qe2 d5 7. e5 Ne4 8. Bd2
Bxc3 9. Bxc3 Nxc3 10. bxc3 O-O 11. O-O Nd7 12. c4 dxc4 13. Bxc4 c5 14. c3 Rc8
15. Bd3 Re8 16. Rab1 Nf8 17. Be4 Bxe4 18. Qxe4 Qd7 19. Rfd1 cxd4 20. cxd4 Qa4
21. Qb7 Qd7 22. Qa6 Red8 23. h3 Rc7 24. a4 Qc8 25. Qe2 Rd5 26. Ra1 Ng6 27. Qe1
Rc3 28. Rdc1 Rxc1 29. Qxc1 Qxc1+ 30. Rxc1 Rd8 31. Rc7 Ra8 32. Ng5 Nh8 33. Ne4
g6 34. Nd6 Kf8 35. Rc8+ Rxc8 36. Nxc8 Ke8 37. Nxa7 Kd7 38. Kf1 Kc7 39. Ke2 Kb7
40. Nb5 Ka6 41. Nc3 g5 42. Kd3 Ng6 43. g3 Ne7 44. Kc4 Ka5 45. d5 Nxd5 46. Nxd5
exd5+ 47. Kxd5 Kxa4 48. Kd6 b5 49. Ke7 b4 50. Kxf7 b3 51. e6 b2 52. e7 b1=Q 53.
e8=Q+ Kb3 54. Qb5+ Kc2 55. Qxb1+ Kxb1 56. Kf6 1-0

[Event "DVM U14w 2017"]
[Site "Neumünster GER"]
[Date "2017.12.28"]
[Round "4"]
[White "Klühs, Isabel"]
[Black "Chung, Dana"]
[Result "1/2-1/2"]
[Termination "normal"]
[Board "5.3"]
[WhiteElo "1466"]
[BlackElo "1282"]
[WhiteTeam "SC Borussia 1920 Friedrichsfelde"]
[BlackTeam "Karlsruher SF"]
[PlyCount "88"]
[WhiteFideId "16228944"]
[BlackFideId "16235290"]
[EventCountry "GER"]
[EventRounds "7"]
[EventType "team-swiss"]
[EventDate "2017.12.26"]

1. d4 d5 2. Nf3 Nf6 3. e3 e6 4. Bd3 c5 5. c3 Nbd7 6. Nbd2 Be7 7. O-O O-O 8. e4
cxd4 9. Nxd4 b6 10. Re1 Ne5 11. Qc2 Nxd3 12. Qxd3 dxe4 13. Qe2 Bb7 14. N2b3 Qc7
15. Be3 Rfd8 16. Rad1 Nd7 17. Rd2 Nc5 18. Red1 Nd3 19. Nc1 Ba6 20. Qg4 Qb7 21.
Nxd3 exd3 22. Bf4 Qd5 23. Bh6 Bf6 24. Nb3 Qc4 25. Qxc4 Bxc4 26. Be3 Rd5 27. Nc1
Rad8 28. b3 Ba6 29. c4 R5d7 30. Rxd3 Rxd3 31. Rxd3 Rxd3 32. Nxd3 Bb7 33. f3 Kf8
34. Kf1 Ke8 35. Ke2 Kd7 36. Bf4 a5 37. Ne5+ Ke7 38. Ke3 h6 39. Nd3 Kd7 40. c5
bxc5 41. Nxc5+ Kc6 42. Nxb7 Kxb7 43. h3 Bg5 44. Bxg5 hxg5 1/2-1/2

[Event "DVM U14w 2017"]
[Site "Neumünster GER"]
[Date "2017.12.28"]
[Round "4"]
[White "Shevchenko, Alyona"]
[Black "Oschlies, Tami"]
[Result "1/2-1/2"]
[Termination "normal"]
[Board "5.4"]
[WhiteElo "1176"]
[BlackElo "1387"]
[WhiteTeam "Karlsruher SF"]
[BlackTeam "SC Borussia 1920 Friedrichsfelde"]
[PlyCount "88"]
[WhiteFideId "12983420"]
[BlackFideId "16217365"]
[EventCountry "GER"]
[EventRounds "7"]
[EventType "team-swiss"]
[EventDate "2017.12.26"]

1. e4 c5 2. Nf3 d6 3. d4 cxd4 4. Nxd4 Nc6 5. Be2 e6 6. O-O Be7 7. Be3 Bd7 8.
Nc3 Nf6 9. Ndb5 Qb8 10. Qd2 a6 11. Nd4 O-O 12. Rfd1 Rd8 13. Nb3 b5 14. a3 Qc7
15. Bf4 Bc8 16. Qd3 Bb7 17. Qg3 Kh8 18. Nd2 Nd4 19. Bd3 e5 20. Be3 Ne6 21. Nf3
Qd7 22. Ng5 Nxg5 23. Bxg5 Rac8 24. Bxf6 Bxf6 25. Be2 Qe7 26. b3 Bh4 27. Qf3 Qf6
28. Qxf6 Bxf6 29. Rd3 Kg8 30. Bg4 Rc7 31. Ra2 Kf8 32. Nd5 Bxd5 33. Rxd5 Rc3 34.
Rd3 Rxd3 35. cxd3 d5 36. a4 dxe4 37. dxe4 bxa4 38. Rxa4 Rb8 39. Rxa6 Rxb3 40.
f3 Rb1+ 41. Kf2 Rb2+ 42. Kg3 h6 43. Ra8+ Ke7 44. Ra7+ Kf8 1/2-1/2

[Event "DVM U14w 2017"]
[Site "Neumünster GER"]
[Date "2017.12.28"]
[Round "4"]
[White "Fricke, Edna Marlene"]
[Black "Stowicek, Yara Mathilda"]
[Result "1/2-1/2"]
[Termination "normal"]
[Board "6.1"]
[WhiteElo "1410"]
[BlackElo "1496"]
[WhiteTeam "SV SF Friedrichshagen"]
[BlackTeam "USV Halle"]
[PlyCount "83"]
[WhiteFideId "12988839"]
[BlackFideId "16203569"]
[EventCountry "GER"]
[EventRounds "7"]
[EventType "team-swiss"]
[EventDate "2017.12.26"]

1. e4 e5 2. Nf3 Nc6 3. Bc4 Nf6 4. d3 Bc5 5. c3 a6 6. Nbd2 d6 7. Bb3 Ba7 8. O-O
O-O 9. Re1 Ne7 10. Nf1 Ng6 11. Ng3 Be6 12. Bg5 h6 13. Be3 Qe7 14. Bxa7 Rxa7 15.
d4 exd4 16. cxd4 Raa8 17. Nf5 Qd7 18. Qc2 Rfe8 19. d5 Bxf5 20. exf5 Ne7 21.
Rac1 Rac8 22. Re2 Nexd5 23. Rd2 Ne7 24. Ne5 Qxf5 25. Qxf5 Nxf5 26. Bxf7+ Kf8
27. Bxe8 Rxe8 28. Nf3 Re7 29. a3 g5 30. Rdc2 c6 31. g4 Ng7 32. Re1 Rd7 33. Rd2
d5 34. Rd3 Rc7 35. Nd4 Kf7 36. Rf3 Rd7 37. Nf5 Nxf5 38. Rxf5 Re7 39. Rxe7+ Kxe7
40. f4 gxf4 41. Rxf4 Ne4 42. Kf1 1/2-1/2

[Event "DVM U14w 2017"]
[Site "Neumünster GER"]
[Date "2017.12.28"]
[Round "4"]
[White "Delgado, Celina"]
[Black "Kirschner, Elena"]
[Result "0-1"]
[Termination "normal"]
[Board "6.2"]
[WhiteElo "1440"]
[BlackElo "1346"]
[WhiteTeam "USV Halle"]
[BlackTeam "SV SF Friedrichshagen"]
[PlyCount "54"]
[WhiteFideId "12993735"]
[BlackFideId "16205804"]
[EventCountry "GER"]
[EventRounds "7"]
[EventType "team-swiss"]
[EventDate "2017.12.26"]

1. d4 d5 2. Bf4 Nf6 3. Nf3 e6 4. e3 c5 5. c3 a6 6. Nbd2 Nc6 7. Bd3 Nh5 8. Bg5
f6 9. Bh4 g6 10. Qc2 Bd6 11. a3 O-O 12. Rc1 b5 13. dxc5 Bxc5 14. Nb3 Bd6 15.
Nbd4 Ne7 16. Be2 e5 17. Nb3 Nf5 18. Bg3 Nfxg3 19. hxg3 Bf5 20. Qd2 Be6 21. Bd1
f5 22. Nh4 Nf6 23. Nf3 Ne4 24. Qd3 Nxg3 25. Rxh7 Kxh7 26. Nfd2 Ne4 27. Nxe4
dxe4 0-1

[Event "DVM U14w 2017"]
[Site "Neumünster GER"]
[Date "2017.12.28"]
[Round "4"]
[White "Kessen, Fanny"]
[Black "Voigt, Anastasia"]
[Result "1-0"]
[Termination "normal"]
[Board "6.3"]
[WhiteElo "1203"]
[BlackElo "1350"]
[WhiteTeam "SV SF Friedrichshagen"]
[BlackTeam "USV Halle"]
[PlyCount "113"]
[WhiteFideId "16217357"]
[BlackFideId "16235223"]
[EventCountry "GER"]
[EventRounds "7"]
[EventType "team-swiss"]
[EventDate "2017.12.26"]

1. e4 e5 2. Nf3 Nc6 3. Bc4 Bc5 4. d3 Nf6 5. c3 d6 6. Bb3 Bg4 7. h3 Bh5 8. O-O
O-O 9. Re1 h6 10. Nbd2 d5 11. exd5 Nxd5 12. Ne4 Bb6 13. Ng3 Bxf3 14. Qxf3 Nf6
15. Nf5 Kh7 16. Qg3 g6 17. Nxh6 Kg7 18. Nf5+ Kh7 19. Qh4+ Nh5 20. Qg4 Qxd3 21.
Ne3 Qd8 22. Nc4 Qf6 23. Nxb6 axb6 24. Bc2 Kh8 25. Rd1 Rfe8 26. Bg5 Qe6 27. Qxe6
fxe6 28. Bxg6 Rg8 29. Bxh5 Rxg5 30. Bg4 Rg6 31. Rd7 Rc8 32. Rad1 e4 33. Re1 Ne5
34. Re7 Nxg4 35. hxg4 Rxg4 36. Rxe6 Rcg8 37. g3 Ra8 38. a3 Ra4 39. Re7 Rc4 40.
Kg2 Rg5 41. R1xe4 Rxe4 42. Rxe4 Rc5 43. Re8+ Kg7 44. Rb8 Rb5 45. b4 Rd5 46.
Rxb7 Rd7 47. a4 Kf6 48. a5 bxa5 49. bxa5 Rd2 50. Rxc7 Ra2 51. Rc6+ Ke5 52. a6
Kd5 53. Rh6 Kc4 54. g4 Kxc3 55. Kg3 Kc4 56. f3 Ra3 57. g5 1-0

[Event "DVM U14w 2017"]
[Site "Neumünster GER"]
[Date "2017.12.28"]
[Round "4"]
[White "Bui, Ngoc Han Julia"]
[Black "Ziegenfuß, Antonia"]
[Result "1-0"]
[Termination "normal"]
[Board "7.1"]
[WhiteElo "1832"]
[BlackElo "1834"]
[WhiteTeam "SG Leipzig"]
[BlackTeam "OSG Baden-Baden"]
[PlyCount "83"]
[WhiteFideId "12977055"]
[BlackFideId "12962554"]
[EventCountry "GER"]
[EventRounds "7"]
[EventType "team-swiss"]
[EventDate "2017.12.26"]

1. e4 e5 2. Nf3 Nc6 3. Bb5 a6 4. Ba4 Nf6 5. d3 d6 6. O-O g6 7. c3 Bg7 8. Re1 b5
9. Bc2 O-O 10. h3 Nb8 11. d4 exd4 12. cxd4 Bb7 13. a4 Re8 14. Nbd2 Nbd7 15. Bd3
bxa4 16. Qxa4 c5 17. d5 Nb6 18. Qc2 Nfd7 19. Nc4 Nxc4 20. Bxc4 Nb6 21. Bd3 c4
22. Bf1 Qc7 23. Bd2 Rec8 24. Rec1 Rab8 25. Ba5 Ba8 26. Nd2 Qc5 27. Bc3 Bd4 28.
Bxd4 Qxd4 29. Rxa6 Nxd5 30. Nf3 Qxb2 31. Qxb2 Rxb2 32. exd5 c3 33. Rxd6 c2 34.
Nd2 Rcb8 35. Kh2 Kg7 36. Bd3 Rc8 37. Nc4 Rb4 38. Rxc2 Rb5 39. Nb6 Rxc2 40. Bxc2
Bb7 41. Ba4 Rb4 42. Bd1 1-0

[Event "DVM U14w 2017"]
[Site "Neumünster GER"]
[Date "2017.12.28"]
[Round "4"]
[White "Visvikis, Kassandra"]
[Black "Oswald, Hannah"]
[Result "1-0"]
[Termination "normal"]
[Board "7.2"]
[WhiteElo "1473"]
[BlackElo "1637"]
[WhiteTeam "OSG Baden-Baden"]
[BlackTeam "SG Leipzig"]
[PlyCount "71"]
[WhiteFideId "36052167"]
[BlackFideId "16214960"]
[EventCountry "GER"]
[EventRounds "7"]
[EventType "team-swiss"]
[EventDate "2017.12.26"]

1. e4 e5 2. Nf3 Nc6 3. Bc4 Bc5 4. O-O Nf6 5. d3 d6 6. c3 Be6 7. Bb3 Qd7 8. Bc2
O-O 9. a4 a5 10. Nbd2 Ne7 11. Re1 Ng6 12. Nf1 Bg4 13. h3 Be6 14. Ng3 h6 15. d4
exd4 16. cxd4 Bb4 17. Bd2 Bxd2 18. Qxd2 d5 19. Ne5 Nxe5 20. dxe5 Nxe4 21. Nxe4
dxe4 22. Qxd7 Bxd7 23. Bxe4 c6 24. Rad1 Be6 25. Bc2 Rfe8 26. f4 g6 27. g4 Rad8
28. Rxd8 Rxd8 29. f5 gxf5 30. gxf5 Bc8 31. Re2 Rd4 32. Kh2 Rb4 33. b3 Rf4 34.
f6 Rf3 35. Rd2 Rxh3+ 36. Kg2 1-0

[Event "DVM U14w 2017"]
[Site "Neumünster GER"]
[Date "2017.12.28"]
[Round "4"]
[White "Fege, Astrid"]
[Black "Martin, Anastasia"]
[Result "1-0"]
[Termination "normal"]
[Board "7.3"]
[WhiteElo "1239"]
[BlackElo "1287"]
[WhiteTeam "SG Leipzig"]
[BlackTeam "OSG Baden-Baden"]
[PlyCount "81"]
[WhiteFideId "16217152"]
[BlackFideId "36098434"]
[EventCountry "GER"]
[EventRounds "7"]
[EventType "team-swiss"]
[EventDate "2017.12.26"]

1. e4 d5 2. exd5 Nf6 3. d4 Nxd5 4. Nf3 Nc6 5. Bc4 Bg4 6. c3 a6 7. Bb3 e6 8. O-O
b5 9. Qd3 Bd6 10. Bc2 Bf5 11. Qe2 Bxc2 12. Qxc2 O-O 13. Nbd2 f5 14. Re1 Qf6 15.
Nf1 h6 16. Ng3 Rae8 17. Qe2 e5 18. Be3 e4 19. Nh5 Qe7 20. Ne5 Nxe5 21. dxe5
Nxe3 22. exd6 Qg5 23. fxe3 cxd6 24. Nf4 Qg4 25. Rad1 Qxe2 26. Rxe2 g5 27. Nh5
Re6 28. Rf1 Kh7 29. g4 Re5 30. Ref2 Kg6 31. h3 Re7 32. Rxf5 Rxf5 33. Rxf5 Rf7
34. Rxf7 Kxf7 35. Ng3 d5 36. Nf5 Kg6 37. Ne7+ Kg7 38. Nxd5 Kg6 39. Nc7 h5 40.
Nxa6 hxg4 41. hxg4 1-0

[Event "DVM U14w 2017"]
[Site "Neumünster GER"]
[Date "2017.12.28"]
[Round "4"]
[White "Kisner, Monica"]
[Black "Hausmann, Helene"]
[Result "1/2-1/2"]
[Termination "normal"]
[Board "7.4"]
[WhiteElo "800"]
[BlackElo "1009"]
[WhiteTeam "OSG Baden-Baden"]
[BlackTeam "SG Leipzig"]
[PlyCount "54"]
[BlackFideId "16255747"]
[EventCountry "GER"]
[EventRounds "7"]
[EventType "team-swiss"]
[EventDate "2017.12.26"]

1. e4 d6 2. d4 Nf6 3. Nc3 g6 4. f4 Bg4 5. Nf3 Bg7 6. e5 dxe5 7. fxe5 Bxf3 8.
Qxf3 Nfd7 9. Bc4 e6 10. O-O O-O 11. d5 Nxe5 12. Qf4 Nxc4 13. Qxc4 Qe7 14. Re1
e5 15. Bf4 Qd6 16. Bg3 a6 17. Ne4 b5 18. Qc5 Qxc5+ 19. Nxc5 Re8 20. Re4 c6 21.
d6 f5 22. Re2 e4 23. Rd1 Rd8 24. Ne6 Rd7 25. Nxg7 Rxg7 26. Be5 Rf7 27. Red2 Nd7
1/2-1/2

[Event "DVM U14w 2017"]
[Site "Neumünster GER"]
[Date "2017.12.28"]
[Round "4"]
[White "Rothenberg, Nina"]
[Black "Schwegler, Jelena"]
[Result "0-1"]
[Termination "normal"]
[Board "8.1"]
[WhiteElo "1587"]
[BlackElo "1544"]
[WhiteTeam "TuRa Harksheide Norderstedt"]
[BlackTeam "SK Bad Homburg"]
[PlyCount "98"]
[WhiteFideId "16208943"]
[BlackFideId "16225481"]
[EventCountry "GER"]
[EventRounds "7"]
[EventType "team-swiss"]
[EventDate "2017.12.26"]

1. e4 e5 2. Nf3 Nc6 3. d4 exd4 4. Nxd4 Bc5 5. Be3 Qf6 6. c3 Nge7 7. Bc4 O-O 8.
O-O Ne5 9. Bb3 b6 10. Bc2 d5 11. exd5 Nxd5 12. Be4 c6 13. Qh5 g6 14. Bg5 gxh5
15. Bxf6 Nxf6 16. Nxc6 Nxc6 17. Bxc6 Rb8 18. Nd2 Bb7 19. Bxb7 Rxb7 20. Rfe1 Re7
21. Kf1 Rfe8 22. Rxe7 Rxe7 23. f3 Nd5 24. Ne4 Ne3+ 25. Ke2 Nc2 26. Rc1 f5 27.
Rxc2 fxe4 28. fxe4 Rxe4+ 29. Kf3 Re1 30. Rd2 Kf7 31. Rd7+ Re7 32. Rd2 Ke8 33.
Kg3 Re4 34. Kf3 Re1 35. Kg3 Be7 36. Kf2 Rh1 37. h3 h4 38. Kf3 Ra1 39. b3 Rc1
40. c4 Re1 41. Kf2 Re6 42. Kf3 Rd6 43. Re2 Kd7 44. Rc2 Rd4 45. Ke3 Bc5 46. b4
Rxc4+ 47. bxc5 Rxc2 48. cxb6 axb6 49. Kf3 Rxa2 0-1

[Event "DVM U14w 2017"]
[Site "Neumünster GER"]
[Date "2017.12.28"]
[Round "4"]
[White "Tornay, Haizea"]
[Black "Löding, Sarah-Marie"]
[Result "1-0"]
[Termination "normal"]
[Board "8.2"]
[WhiteElo "1320"]
[BlackElo "1169"]
[WhiteTeam "SK Bad Homburg"]
[BlackTeam "TuRa Harksheide Norderstedt"]
[PlyCount "55"]
[WhiteFideId "16205758"]
[BlackFideId "16245164"]
[EventCountry "GER"]
[EventRounds "7"]
[EventType "team-swiss"]
[EventDate "2017.12.26"]

1. e4 e5 2. Nf3 Nf6 3. Nxe5 d6 4. Nf3 Nxe4 5. d3 Nf6 6. g3 Bg4 7. Qe2+ Be7 8.
h3 Bh5 9. g4 Bg6 10. Nc3 c6 11. Be3 Qc7 12. O-O-O Na6 13. a3 O-O-O 14. d4 Ne4
15. Nxe4 Bxe4 16. Bf4 f5 17. Rg1 Rhg8 18. Re1 Qb6 19. gxf5 d5 20. Nd2 Bf6 21.
Nxe4 dxe4 22. Qxe4 Bxd4 23. Qe6+ Rd7 24. Qxg8+ Rd8 25. Qe6+ Rd7 26. Qb3 Qa5 27.
Re8+ Rd8 28. Qe6# 1-0

[Event "DVM U14w 2017"]
[Site "Neumünster GER"]
[Date "2017.12.28"]
[Round "4"]
[White "Foos, Vanessa"]
[Black "Goetz, Fenja"]
[Result "0-1"]
[Termination "normal"]
[Board "8.3"]
[WhiteElo "1207"]
[BlackElo "1402"]
[WhiteTeam "TuRa Harksheide Norderstedt"]
[BlackTeam "SK Bad Homburg"]
[PlyCount "124"]
[WhiteFideId "16245270"]
[BlackFideId "16250516"]
[EventCountry "GER"]
[EventRounds "7"]
[EventType "team-swiss"]
[EventDate "2017.12.26"]

1. e4 c5 2. d4 cxd4 3. c3 dxc3 4. Nxc3 Nc6 5. Bf4 d6 6. Nf3 Bg4 7. Bb5 Rc8 8.
h3 Be6 9. O-O Nf6 10. Qa4 Bd7 11. Bxc6 Bxc6 12. Qxa7 Nxe4 13. Nxe4 Bxe4 14.
Rfe1 Bc6 15. Rac1 g6 16. Qd4 Rb8 17. Qxd6 Qxd6 18. Bxd6 Rd8 19. Rcd1 Bxf3 20.
gxf3 e6 21. Bc7 Rc8 22. Bb6 Bg7 23. Rc1 Rxc1 24. Rxc1 Ke7 25. Bc5+ Kd7 26. b3
Rc8 27. Rd1+ Ke8 28. Bb6 Rc6 29. Rd8+ Ke7 30. Rg8 Be5 31. Ba5 Rc1+ 32. Kg2 Ra1
33. Bb4+ Kf6 34. Ra8 Rc1 35. Bd2 Rc2 36. Be3 Bd6 37. Ra7 Rc7 38. Bd2 b5 39.
Bc3+ Rxc3 40. Ra5 b4 41. Ra6 Bc5 42. Kf1 Rc2 43. Ke1 Rxf2 44. a3 bxa3 45. Rxa3
Rxf3 46. Ra5 Bb4+ 47. Ke2 Rxb3 48. Ra1 Rxh3 49. Rf1+ Ke7 50. Rb1 Bd6 51. Rb7+
Ke8 52. Rb6 Be7 53. Rb8+ Bd8 54. Rb5 h5 55. Kf2 h4 56. Kg2 Rc3 57. Kh2 Bc7+ 58.
Kg2 h3+ 59. Kf2 h2 60. Rb1 Rh3 61. Kg2 h1=Q+ 62. Rxh1 Rxh1 0-1

[Event "DVM U14w 2017"]
[Site "Neumünster GER"]
[Date "2017.12.28"]
[Round "4"]
[White "Rahimova, Sarah"]
[Black "Rößl, Sara"]
[Result "1-0"]
[Termination "normal"]
[Board "8.4"]
[WhiteElo "1072"]
[BlackElo "921"]
[WhiteTeam "SK Bad Homburg"]
[BlackTeam "TuRa Harksheide Norderstedt"]
[PlyCount "49"]
[WhiteFideId "16255801"]
[BlackFideId "16255828"]
[EventCountry "GER"]
[EventRounds "7"]
[EventType "team-swiss"]
[EventDate "2017.12.26"]

1. e4 e5 2. Nf3 Nc6 3. Nc3 Nf6 4. d4 Bb4 5. Bg5 d6 6. Bb5 Bg4 7. d5 a6 8. dxc6
axb5 9. cxb7 Rb8 10. h3 Bh5 11. O-O O-O 12. Nd5 Bc5 13. Nxf6+ gxf6 14. Bh6 Re8
15. g4 Bg6 16. h4 Qd7 17. Nh2 Bxe4 18. c3 Rxb7 19. b4 Bb6 20. a4 Ba7 21. Re1 d5
22. Rxe4 f5 23. gxf5 c6 24. Qg4+ Kh8 25. Qg7# 1-0

[Event "DVM U14w 2017"]
[Site "Neumünster GER"]
[Date "2017.12.28"]
[Round "4"]
[White "Bardorz, Jana"]
[Black "Ziegenfuß, Larissa"]
[Result "0-1"]
[Termination "normal"]
[Board "9.1"]
[WhiteElo "1542"]
[BlackElo "1691"]
[WhiteTeam "SK Neumarkt"]
[BlackTeam "SG Blau-Weiß Stadtilm"]
[PlyCount "126"]
[WhiteFideId "16208897"]
[BlackFideId "12974722"]
[EventCountry "GER"]
[EventRounds "7"]
[EventType "team-swiss"]
[EventDate "2017.12.26"]

1. e4 c5 2. Nf3 e6 3. d4 cxd4 4. Nxd4 Nc6 5. Nc3 Qc7 6. Be3 Nf6 7. Bd3 a6 8.
O-O b5 9. a3 Bb7 10. Re1 Be7 11. Rc1 Na5 12. Qd2 Rc8 13. Nde2 Ng4 14. Bf4 Qb6
15. Bg3 h5 16. h3 h4 17. hxg4 hxg3 18. Nxg3 Rh4 19. Qe3 Qxe3 20. fxe3 Rxg4 21.
Nge2 Nc4 22. Bxc4 Rxc4 23. Rf1 Bxe4 24. Nxe4 Rgxe4 25. Rf3 Bg5 26. Kf2 Re5 27.
Nd4 Rec5 28. c3 Bf6 29. Rh1 Ke7 30. Ke2 Bxd4 31. exd4 Rg5 32. Kf2 a5 33. Rc1 d5
34. Re3 Rh5 35. Rg3 g6 36. Ke2 Rc8 37. Kd3 a4 38. Rb1 Kd6 39. b3 Kc6 40. bxa4
bxa4 41. Rb4 Ra8 42. Rf3 Ra7 43. Rb8 Rh2 44. Rf2 Rh1 45. Kc2 Rh7 46. Rb4 f5 47.
Re2 Rhe7 48. Re3 g5 49. Re5 Ra6 50. Kd3 Kd6 51. c4 dxc4+ 52. Kxc4 Rc7+ 53. Kb5
Rcc6 54. Rc5 Rcb6+ 55. Kc4 g4 56. g3 Rxb4+ 57. Kxb4 Rc6 58. Re5 Rc1 59. Kxa4
Rc3 60. Kb4 Rxg3 61. a4 Rd3 62. Kc4 Ra3 63. Kb5 g3 0-1

[Event "DVM U14w 2017"]
[Site "Neumünster GER"]
[Date "2017.12.28"]
[Round "4"]
[White "Pflugradt, Natalie"]
[Black "Schilay, Maria"]
[Result "1/2-1/2"]
[Termination "normal"]
[Board "9.2"]
[WhiteElo "1420"]
[BlackElo "1331"]
[WhiteTeam "SG Blau-Weiß Stadtilm"]
[BlackTeam "SK Neumarkt"]
[PlyCount "64"]
[WhiteFideId "16212444"]
[BlackFideId "12942979"]
[EventCountry "GER"]
[EventRounds "7"]
[EventType "team-swiss"]
[EventDate "2017.12.26"]

1. e4 e5 2. Nf3 Nc6 3. Bc4 Nf6 4. d3 Be7 5. Nc3 d6 6. Be3 Bg4 7. Qd2 Qd7 8.
O-O-O a6 9. h3 Be6 10. Bb3 Bxb3 11. axb3 a5 12. d4 Rd8 13. dxe5 Nxe5 14. Nxe5
dxe5 15. Qxd7+ Rxd7 16. Rxd7 Nxd7 17. Rd1 Bd6 18. Nb5 Ke7 19. Nxd6 cxd6 20. f3
Rc8 21. Rd5 b6 22. Kd2 f6 23. g3 Nc5 24. Bxc5 Rxc5 25. Rxc5 dxc5 26. Kd3 b5 27.
Ke3 g5 28. g4 Kd6 29. Kd2 Kc6 30. Kc3 Kb6 31. Kd3 Kc6 32. c3 Kb6 1/2-1/2

[Event "DVM U14w 2017"]
[Site "Neumünster GER"]
[Date "2017.12.28"]
[Round "4"]
[White "Burger, Daiana"]
[Black "Schmidt, Pauline"]
[Result "0-1"]
[Termination "normal"]
[Board "9.3"]
[WhiteElo "973"]
[BlackElo "1271"]
[WhiteTeam "SK Neumarkt"]
[BlackTeam "SG Blau-Weiß Stadtilm"]
[PlyCount "82"]
[WhiteFideId "16217233"]
[BlackFideId "16209850"]
[EventCountry "GER"]
[EventRounds "7"]
[EventType "team-swiss"]
[EventDate "2017.12.26"]

1. e4 e5 2. Nf3 Nc6 3. Bc4 Bc5 4. O-O Nf6 5. d3 d6 6. h3 Be6 7. Bb3 Qd7 8. Nc3
O-O-O 9. Ba4 Rdg8 10. Ng5 h6 11. Nxe6 fxe6 12. Be3 Bb6 13. b4 g5 14. Qf3 Ne8
15. Rab1 h5 16. Qg3 Qg7 17. Bb3 Qg6 18. Ne2 Nxb4 19. Rb2 Nc6 20. c3 Na5 21. Ba4
Nf6 22. d4 exd4 23. cxd4 Nxe4 24. Qh2 Nc4 25. Rc2 Nxe3 26. fxe3 h4 27. Rcc1 g4
28. Nf4 Qh6 29. Bc2 g3 30. Qh1 Nf2 31. Rxf2 gxf2+ 32. Kxf2 Rf8 33. Qh2 e5 34.
Kf3 exf4 35. exf4 Bxd4 36. Rd1 Be5 37. Ke2 Bxf4 38. Qg1 Qe6+ 39. Kd3 Qd5+ 40.
Ke2 Re8+ 41. Kf2 Be3+ 0-1

[Event "DVM U14w 2017"]
[Site "Neumünster GER"]
[Date "2017.12.28"]
[Round "4"]
[White "Wilhelm, Anna-Lena"]
[Black "Burger, Radena"]
[Result "1-0"]
[Termination "normal"]
[Board "9.4"]
[WhiteElo "1122"]
[BlackElo "813"]
[WhiteTeam "SG Blau-Weiß Stadtilm"]
[BlackTeam "SK Neumarkt"]
[PlyCount "68"]
[WhiteFideId "16230094"]
[BlackFideId "16217241"]
[EventCountry "GER"]
[EventRounds "7"]
[EventType "team-swiss"]
[EventDate "2017.12.26"]

1. e4 e5 2. Nf3 Nc6 3. Bc4 Nf6 4. d3 h6 5. Be3 Bb4+ 6. Nbd2 d6 7. a3 Ba5 8. Qe2
Ne7 9. O-O-O Bd7 10. Rdg1 b5 11. Ba2 c6 12. h3 Qc8 13. d4 Be6 14. Bxe6 Qxe6 15.
d5 cxd5 16. Qxb5+ Nd7 17. Qxa5 O-O 18. exd5 Qg6 19. Nh4 Qf6 20. g3 Rfb8 21. Ne4
Qf5 22. Nxf5 Nxf5 23. Qa4 Nb6 24. Bxb6 axb6 25. Qd7 Nd4 26. Re1 Rc8 27. c3 Nb3+
28. Kb1 b5 29. Nxd6 Rf8 30. Rxe5 Nc5 31. Qxb5 Na4 32. Re8 Rfxe8 33. Nxe8 Rxe8
34. Qxe8+ Kh7 1-0

[Event "DVM U14w 2017"]
[Site "Neumünster GER"]
[Date "2017.12.28"]
[Round "4"]
[White "Becker, Linda"]
[Black "Karlinger De la Quintana, Ainhoa"]
[Result "1-0"]
[Termination "normal"]
[Board "10.1"]
[WhiteElo "1420"]
[BlackElo "1436"]
[WhiteTeam "SG Porz"]
[BlackTeam "SC Vaterstetten"]
[PlyCount "92"]
[WhiteFideId "16244753"]
[BlackFideId "16217268"]
[EventCountry "GER"]
[EventRounds "7"]
[EventType "team-swiss"]
[EventDate "2017.12.26"]

1. e4 g6 2. d4 Bg7 3. Nf3 c5 4. Nc3 cxd4 5. Nxd4 Nc6 6. Be3 d6 7. Be2 e6 8. Qd2
Nge7 9. O-O O-O 10. Rad1 d5 11. Bf3 dxe4 12. Nxe4 Ne5 13. Be2 b6 14. Nf5 N7c6
15. Nh6+ Kh8 16. Qxd8 Rxd8 17. Rxd8+ Nxd8 18. Rd1 Bb7 19. Nd6 Bc6 20. c3 Bf8
21. Bg5 Bxh6 22. Bxh6 Nb7 23. f4 Nxd6 24. Rxd6 Ng4 25. Bxg4 Bb5 26. Bf3 Rc8 27.
Kf2 Kg8 28. Bb7 Rb8 29. b3 f5 30. Bc6 Bxc6 31. Rxc6 Rb7 32. Rxe6 Rc7 33. Rf6
Rf7 34. Rxf7 Kxf7 35. Ke3 Ke6 36. Kd4 Kd6 37. c4 Kc6 38. b4 Kd6 39. Bf8+ Kc6
40. b5+ Kd7 41. Kd5 Kc7 42. Ke6 Kd8 43. Kf7 Kd7 44. Kg7 Ke6 45. Kxh7 Kf7 46.
Bg7 Ke6 1-0

[Event "DVM U14w 2017"]
[Site "Neumünster GER"]
[Date "2017.12.28"]
[Round "4"]
[White "Schmitt, Xenia"]
[Black "Sinner, Joselyne"]
[Result "0-1"]
[Termination "normal"]
[Board "10.2"]
[WhiteElo "1065"]
[BlackElo "1652"]
[WhiteTeam "SC Vaterstetten"]
[BlackTeam "SG Porz"]
[PlyCount "118"]
[WhiteFideId "16241614"]
[BlackFideId "16210387"]
[EventCountry "GER"]
[EventRounds "7"]
[EventType "team-swiss"]
[EventDate "2017.12.26"]

1. e4 e5 2. Nf3 Nc6 3. d4 exd4 4. Nxd4 Bb4+ 5. Nc3 Nf6 6. Bd2 Nxd4 7. Bg5 Nc6
8. Bd3 d6 9. O-O h6 10. Bxf6 Qxf6 11. Nd5 Qd8 12. Bb5 Bc5 13. b4 Bb6 14. a4 a6
15. Bc4 O-O 16. b5 axb5 17. axb5 Rxa1 18. Qxa1 Ne7 19. Nf4 Bd7 20. Nh5 Nf5 21.
exf5 Qg5 22. Be2 f6 23. Rd1 Qxf5 24. Bf3 Qxc2 25. Bd5+ Kh8 26. Rf1 Bxb5 27. Rb1
Qxf2+ 28. Kh1 Bd3 29. Rd1 Be2 30. Rc1 Bxh5 31. Rf1 Qd4 32. Qa2 c6 33. Bf3 Bxf3
34. gxf3 Qd3 35. Rb1 Qxf3+ 36. Qg2 Qxg2+ 37. Kxg2 Be3 38. Rxb7 Rc8 39. Kf3 Bg5
40. Kg4 Kh7 41. h4 Bd2 42. Kf5 c5 43. Rb2 Ba5 44. Rc2 d5 45. Ke6 d4 46. Kd5 d3
47. Rc1 c4 48. Ra1 d2 49. Kd4 c3 50. Rxa5 d1=Q+ 51. Ke4 Qe1+ 52. Kf5 c2 53. Rd5
c1=Q 54. h5 Rc5 55. Kg4 Qe4+ 56. Kh3 Qc3+ 57. Rd3 Qcxd3+ 58. Kh2 Qee2+ 59. Kg1
Qdd1# 0-1

[Event "DVM U14w 2017"]
[Site "Neumünster GER"]
[Date "2017.12.28"]
[Round "4"]
[White "Ramien, Hannah"]
[Black "Röll, Laura"]
[Result "1/2-1/2"]
[Termination "normal"]
[Board "10.3"]
[WhiteElo "1351"]
[BlackElo "1006"]
[WhiteTeam "SG Porz"]
[BlackTeam "SC Vaterstetten"]
[PlyCount "53"]
[WhiteFideId "16209982"]
[BlackFideId "16213394"]
[EventCountry "GER"]
[EventRounds "7"]
[EventType "team-swiss"]
[EventDate "2017.12.26"]

1. e4 e5 2. Nf3 Nc6 3. Bc4 Nf6 4. d3 h6 5. c3 Bc5 6. Nbd2 d6 7. Nf1 Bg4 8. Ng3
Qe7 9. h3 Bh5 10. Nf5 Qf8 11. O-O O-O-O 12. Be3 g6 13. Ng3 g5 14. Nxh5 Nxh5 15.
Nd2 Nf4 16. Qg4+ Kb8 17. Bxf4 exf4 18. Qf5 f6 19. b4 Ne7 20. Qg4 Bb6 21. Nb3 h5
22. Qe2 g4 23. h4 f3 24. Qd2 fxg2 25. Kxg2 f5 26. Rg1 Ng6 27. Rh1 1/2-1/2